| 000 | 00331nam a22001217a 4500 | ||
|---|---|---|---|
| 008 | 160505b xxu||||| |||| 00| 0 eng d | ||
| 020 | _a9780781736503 | ||
| 020 | _a0781736501 | ||
| 041 | _aeng | ||
| 080 | _a61 | ||
| 245 |
_aTh edition vintrobes clinical hematology: _cJohn P. Greer; John Foerster; John N. Lukens; |
||
| 942 |
_2udc _cBK |
||
| 999 |
_c1813 _d1813 |
||